Governing the GM crop revolutions : (Record no. 6634)

MARC details
000 -LEADER
fixed length control field 00578nam a22001932 4500
001 - CONTROL NUMBER
control field 0000004747
005 - DATE AND TIME OF LATEST TRANSACTION
control field 20151217151940.0
008 - FIXED-LENGTH DATA ELEMENTS--GENERAL INFORMATION
fixed length control field 070529s xx 000 0 eng d
040 ## - CATALOGING SOURCE
Original cataloging agency KABU
Transcribing agency KABU
050 #0 - LIBRARY OF CONGRESS CALL NUMBER
Classification number SB123.57
Item number .P33
100 1# - MAIN ENTRY--PERSONAL NAME
Personal name Paarlberg, Robert L.
-- 0000155511
245 10 - TITLE STATEMENT
Title Governing the GM crop revolutions :
Remainder of title policy choices for developing countries.
260 ## - PUBLICATION, DISTRIBUTION, ETC. (IMPRINT)
Place of publication, distribution, etc. Washington, DC :
Name of publisher, distributor, etc. IFPRI,
Date of publication, distribution, etc. 2000.
300 ## - PHYSICAL DESCRIPTION
Extent 36 p.
650 #0 - SUBJECT ADDED ENTRY--TOPICAL TERM
Topical term or geographic name as entry element Transgenic plants.
-- 0000155512
908 ## - PUT COMMAND PARAMETER (RLIN)
Put command parameter 070529
950 ## - LOCAL HOLDINGS (RLIN)
-- 1
Holdings
Withdrawn status Lost status Source of classification or shelving scheme Not for loan Home library Current library Date acquired Total Checkouts Full call number Barcode Date last seen Price effective from Koha item type
    Library of Congress Classification   Kabarak, Main Campus Kabarak, Main Campus 17/12/2015   SB123.57 .P33 007133 17/12/2015 17/12/2015 General Collection
Designed with assistance from East African Informatics Ltd